000 00542 a2200157 4500
003 Nust
005 20221220130609.0
040 _cNust
082 _a378.155, UGC
245 _aHandbook of universities of Pakistan 1998
_cHEC
260 _aIslamabad
_bUGC
_c1998
300 _a820 p.
505 _aThe Education System In Pakistan (Page-1), Universities in public Sector,Centers of higher Learning,Centers Of Excellece (Page-287), Area Study Center (Page-621), Pakistan Study Center (Page-634).
610 _aUGC
_9105364
942 _cREF
_2ddc
999 _c175884
_d175884